| 000 | 00963nam a22001697a 4500 | ||
|---|---|---|---|
| 001 | 3296 | ||
| 005 | 20240223163224.0 | ||
| 040 |
_aFISK _beng _cFISK _dFISK |
||
| 050 | _aBL720.B47 | ||
| 082 | _a292.2 | ||
| 100 |
_aBerens E.M _d1855-1934 |
||
| 245 |
_aThe Myths and Legends of Ancient Greece and Rome / _cby E.M Berens |
||
| 260 |
_aLondon : _bWilliam Colins, _c2016 |
||
| 300 |
_a347 pages : _c18 cm |
||
| 520 | _aThis book gives the reader a knowledge of a huge number of myths and legends of the classicial civilisation era. Including sections on Greek and Roman Gods, Minor Deities, Heroes and the practices of the time, it also includes a large number of illustrations. This version has been specially formatted for today's e-readers, and is a fantastic addition to any eBook collection. Whether you are a student of ancient history, or just want to know more about Zeus, Saturn, Icarus and the like, then this is a must-have read. | ||
| 942 |
_2ddc _cBK _n0 |
||
| 999 |
_c3296 _d3296 |
||